[Event "2007. Central Serbia champions"]
[Site "Vrnjacka Banja"]
[Date "2007.12.11"]
[Round "2.1"]
[White "Pikula, Dejan"]
[Black "Bozic, Milan"]
[Result "1-0"]
[WhiteElo "2494"]
[BlackElo "2435"]
[PlyCount "102"]
[EventDate "2007.12.10"]

1. e4 e5 2. Nf3 Nf6 3. Nxe5 d6 4. Nf3 Nxe4 5. Nc3 Nxc3 6. dxc3 Be7 7. Bf4 Nc6
8. Qd2 Bg4 9. Be2 Qd7 10. h3 Be6 11. Ng5 Bf5 12. O-O-O h6 13. Nf3 g5 14. Be3
O-O-O 15. Nd4 Nxd4 16. Bxd4 Rhe8 17. c4 Qa4 18. Kb1 Kb8 19. b3 Qa3 20. Bf3 Be6
21. Rhe1 c6 22. Bg4 d5 23. Bxe6 fxe6 24. Rxe6 dxc4 25. Qe3 c3 26. Qxc3 Bb4 27.
Be5+ Ka8 28. Rxe8 Rxe8 29. Qd4 a6 30. Bc7 Bc5 31. Qd7 Rf8 32. f3 Qb4 33. Be5
Ka7 34. Bg7 Rf4 35. Be5 Rf8 36. Bd6 Rf6 37. Bb8+ Ka8 38. Be5 Rf8 39. Bg7 Rg8
40. Qf7 Rc8 41. Qe6 Rb8 42. Bxh6 Qh4 43. Qc4 Qxh6 44. Qxc5 Re8 45. Qd4 Qf8 46.
h4 c5 47. Qg4 gxh4 48. Qxh4 Ka7 49. Qc4 Kb6 50. a4 Qf6 51. a5+ Kc6 1-0

[Event "2007. Central Serbia champions"]
[Site "Vrnjacka Banja"]
[Date "2007.12.11"]
[Round "2.2"]
[White "Tosic, Miroslav"]
[Black "Drazic, Sinisa"]
[Result "1/2-1/2"]
[WhiteElo "2422"]
[BlackElo "2493"]
[PlyCount "72"]
[EventDate "2007.12.10"]

1. e4 d5 2. exd5 Qxd5 3. Nf3 Nf6 4. d4 Bg4 5. Nbd2 e6 6. c3 Nbd7 7. Qb3 O-O-O
8. h3 Bh5 9. Bc4 Qa5 10. Be2 c5 11. Nc4 Qc7 12. Bg5 Kb8 13. Bh4 Ka8 14. a4 cxd4
15. cxd4 Nb8 16. a5 Na6 17. O-O Bxf3 18. Bxf3 Bb4 19. Rfc1 Qe7 20. Qd3 Bc5 21.
Nb6+ Kb8 22. Nd5 exd5 23. dxc5 Nb4 24. Qe2 Nc6 25. a6 bxa6 26. Qxa6 Qb7 27. Qa4
Ka8 28. Rcb1 Rd7 29. Bg3 Rc8 30. Bd6 Qb4 31. Qa6 Rb7 32. Rd1 Qb5 33. Qa3 Qb3
34. Qa6 Qb5 35. Be2 Qb3 36. Bf3 Qb5 1/2-1/2

[Event "2007. Central Serbia champions"]
[Site "Vrnjacka Banja"]
[Date "2007.12.11"]
[Round "2.3"]
[White "Kojovic, Dragan"]
[Black "Todorovic, Goran M"]
[Result "0-1"]
[WhiteElo "2413"]
[BlackElo "2470"]
[PlyCount "110"]
[EventDate "2007.12.10"]

1. e4 e5 2. Nf3 Nc6 3. Bb5 a6 4. Bxc6 dxc6 5. O-O Bg4 6. h3 Bh5 7. g4 Bg6 8.
Nxe5 Qh4 9. Qf3 f6 10. Nxg6 hxg6 11. Kg2 O-O-O 12. d3 Bd6 13. Nd2 Bf4 14. Rh1
g5 15. Nb3 Bxc1 16. Nxc1 Ne7 17. Ne2 Qh7 18. b4 Ng6 19. Qe3 b6 20. a4 Kb7 21.
Qg3 Rhe8 22. Kf1 Qg8 23. Kg2 Nh4+ 24. Kh2 Qf8 25. Rhb1 f5 26. gxf5 Nxf5 27.
Qxg5 Nd4 28. Nxd4 Qxf2+ 29. Qg2 Qxd4 30. Rg1 Rh8 31. b5 Rd6 32. bxa6+ Kxa6 33.
Qxg7 Qf2+ 34. Rg2 Qf4+ 35. Rg3 Rdh6 36. Qg4 Qd2+ 37. Kg1 Qxc2 38. Rf1 Rd6 39.
Qd1 Qc5+ 40. Kg2 Rd4 41. Qc1 Qd6 42. Qc3 Rd8 43. Rc1 Rxa4 44. Ra1 Rxa1 45.
Qxa1+ Kb7 46. Qb2 Rf8 47. Qc3 Ra8 48. h4 Ra2+ 49. Kh3 Qd7+ 50. Rg4 Re2 51. Qg7
Re3+ 52. Kh2 Qxd3 53. Rg3 Qe2+ 54. Rg2 Qe1 55. Qg5 Rxe4 0-1

[Event "2007. Central Serbia champions"]
[Site "Vrnjacka Banja"]
[Date "2007.12.11"]
[Round "2.4"]
[White "Arsovic, Zoran"]
[Black "Chelushkina, Irina"]
[Result "1-0"]
[WhiteElo "2459"]
[BlackElo "2351"]
[PlyCount "85"]
[EventDate "2007.12.10"]

1. Nf3 Nf6 2. c4 e6 3. g3 d5 4. Bg2 Be7 5. O-O O-O 6. d4 c6 7. b3 Na6 8. Bb2
Ne4 9. Nbd2 f5 10. Ne5 Bd7 11. Nxe4 fxe4 12. f3 exf3 13. exf3 Nc7 14. f4 Be8
15. Qe2 a5 16. a4 Bd6 17. h4 b6 18. Kh2 Ra7 19. Bh3 b5 20. Bc3 b4 21. Bd2 Ra8
22. h5 dxc4 23. bxc4 b3 24. Bc3 Bb4 25. Bb2 Qe7 26. Bg2 Ra6 27. Be4 c5 28. dxc5
Qxc5 29. Kg2 Rd6 30. Rfd1 Na6 31. h6 g6 32. Ng4 Rxd1 33. Rxd1 Qe7 34. Bf3 Rf5
35. Qe3 Nc5 36. Qd4 e5 37. Nxe5 Rxe5 38. Bd5+ Bf7 39. fxe5 Ne6 40. Qe4 Bc5 41.
Rf1 Bb6 42. Rf6 Qc5 43. Rxf7 1-0

[Event "2007. Central Serbia champions"]
[Site "Vrnjacka Banja"]
[Date "2007.12.11"]
[Round "2.5"]
[White "Mrsevic, Miroslav"]
[Black "Cabrilo, Goran"]
[Result "0-1"]
[WhiteElo "2313"]
[BlackElo "2497"]
[PlyCount "86"]
[EventDate "2007.12.10"]

1. g3 e5 2. Bg2 d6 3. c3 Nf6 4. d4 Nbd7 5. e4 Be7 6. Ne2 O-O 7. O-O Re8 8. Qc2
c6 9. a4 a5 10. Nd2 b5 11. Rd1 Qc7 12. b3 Bb7 13. Bb2 Bf8 14. c4 b4 15. Nf1
Rad8 16. Re1 Qb8 17. Rad1 Qa8 18. f3 d5 19. dxe5 Nxe5 20. f4 Ned7 21. e5 Ne4
22. Nd2 Nxd2 23. Rxd2 dxc4 24. Qxc4 Nb6 25. Rxd8 Rxd8 26. Qc2 c5 27. Bxb7 Qxb7
28. Rd1 Rxd1+ 29. Qxd1 Qf3 30. e6 fxe6 31. Be5 Nd5 32. Qf1 Qxb3 33. Qh3 Qb1+
34. Kf2 Qg6 35. g4 c4 36. f5 exf5 37. gxf5 Qf7 38. Ng3 Qa7+ 39. Kg2 Qe3 40. Bb8
Qd2+ 41. Kh1 Ne3 42. Nf1 Qd5+ 43. Kg1 Nxf5 0-1

[Event "2007. Central Serbia champions"]
[Site "Vrnjacka Banja"]
[Date "2007.12.11"]
[Round "2.7"]
[White "Savic, Miodrag R"]
[Black "Misailovic, Nebojsa"]
[Result "1-0"]
[WhiteElo "2539"]
[BlackElo "2318"]
[PlyCount "209"]
[EventDate "2007.12.10"]

1. e4 e5 2. Bc4 Nf6 3. d3 c6 4. Bb3 d5 5. Nd2 Nbd7 6. Ngf3 Bd6 7. O-O O-O 8.
Re1 Qc7 9. c3 Nc5 10. Bc2 Bg4 11. Nf1 Rad8 12. h3 dxe4 13. dxe4 Be7 14. Qe2 Bc8
15. Ng3 b6 16. Nf5 Bxf5 17. exf5 e4 18. Nd4 Rfe8 19. Bd2 Nd3 20. Bxd3 exd3 21.
Qf3 Rd5 22. Bg5 Qd7 23. Qxd3 h6 24. Bxf6 Bxf6 25. Rxe8+ Qxe8 26. Qe3 Qxe3 27.
fxe3 c5 28. Nf3 Rxf5 29. e4 Rf4 30. Re1 Bh4 31. Re3 Bg3 32. b3 h5 33. Rd3 f6
34. e5 Re4 35. exf6 gxf6 36. Kf1 Kf7 37. Rd7+ Kg6 38. Rxa7 Re3 39. Ra8 Kf5 40.
Rh8 Rxc3 41. Rxh5+ Kf4 42. Ke2 Rc2+ 43. Nd2 Rxa2 44. Rd5 f5 45. Rd3 Bh2 46. g3+
Ke5 47. Kf3 b5 48. Rd8 Bg1 49. Ke2 c4 50. bxc4 bxc4 51. Kf1 c3 52. Nf3+ Kf6 53.
Nxg1 c2 54. Ne2 Ra1+ 55. Kf2 c1=Q 56. Nxc1 Rxc1 57. Rd6+ Kg5 58. h4+ Kh5 59.
Rf6 Rc5 60. Kf3 Ra5 61. Kf4 Ra4+ 62. Kxf5 Ra5+ 63. Kf4 Ra4+ 64. Kf5 Ra5+ 65.
Ke6 Ra6+ 66. Kf7 Ra7+ 67. Kf8 Ra5 68. Kg7 Ra7+ 69. Rf7 Ra5 70. Kf6 Ra3 71. Rh7+
Kg4 72. Rg7+ Kh5 73. Rg5+ Kh6 74. Kf5 Ra4 75. Rg8 Ra5+ 76. Kg4 Ra4+ 77. Kh3 Ra3
78. Re8 Kg6 79. Re4 Kh5 80. Re5+ Kh6 81. Kg4 Ra4+ 82. Kf3 Ra1 83. g4 Rf1+ 84.
Kg2 Ra1 85. Re6+ Kg7 86. Kg3 Rf1 87. h5 Kh7 88. Kh4 Ra1 89. Re7+ Kg8 90. Kg5
Ra4 91. Kf5 Kf8 92. Re5 Kg7 93. g5 Ra7 94. Rd5 Rb7 95. Ke6 Rb6+ 96. Rd6 Rb5 97.
Rd7+ Kg8 98. g6 Rb6+ 99. Rd6 Rb1 100. Kf6 Rf1+ 101. Kg5 Rf8 102. h6 Ra8 103.
h7+ Kg7 104. Rd7+ Kh8 105. Kh6 1-0

[Event "2007. Central Serbia champions"]
[Site "Vrnjacka Banja"]
[Date "2007.12.11"]
[Round "2.8"]
[White "Sredojevic, Ivan"]
[Black "Lajthajm, Borko"]
[Result "1/2-1/2"]
[WhiteElo "2357"]
[BlackElo "2512"]
[PlyCount "56"]
[EventDate "2007.12.10"]

1. e4 e6 2. d4 d5 3. Nc3 dxe4 4. Nxe4 Nd7 5. Bd3 Ngf6 6. Qe2 Nxe4 7. Bxe4 Nf6
8. Bxb7 Bxb7 9. Qb5+ Nd7 10. Qxb7 Bd6 11. Nf3 O-O 12. O-O Qf6 13. Qc6 Qd8 14.
Bg5 Qe8 15. Rfe1 h6 16. Bh4 Rb8 17. c4 Rb6 18. Qa4 Rxb2 19. c5 Bf4 20. Qxa7 Qa8
21. Qxa8 Rxa8 22. a4 g5 23. Bg3 Bxg3 24. fxg3 Rb4 25. a5 g4 26. Ne5 Nxe5 27.
dxe5 Ra6 28. Red1 Rb5 1/2-1/2

[Event "2007. Central Serbia champions"]
[Site "Vrnjacka Banja"]
[Date "2007.12.11"]
[Round "2.9"]
[White "Abramovic, Bosko"]
[Black "Maksimovic, Branimir"]
[Result "1-0"]
[WhiteElo "2508"]
[BlackElo "2367"]
[PlyCount "73"]
[EventDate "2007.12.10"]

1. d4 Nf6 2. c4 e6 3. Nf3 b6 4. g3 Ba6 5. b3 Bb4+ 6. Bd2 Be7 7. Bg2 c6 8. Bc3
d5 9. Ne5 Nfd7 10. Nxd7 Nxd7 11. Nd2 O-O 12. O-O Rb8 13. e4 b5 14. Re1 dxc4 15.
bxc4 bxc4 16. Qa4 Bb5 17. Qc2 Ba3 18. Nb1 Be7 19. a4 Ba6 20. Nd2 Bb4 21. a5 c5
22. d5 exd5 23. exd5 Nf6 24. Be5 Bxd2 25. Qxd2 Rb3 26. Bc3 Ne8 27. Rac1 Nd6 28.
Qf4 Nb5 29. Qxc4 Rxc3 30. Rxc3 Nxc3 31. Qxa6 Re8 32. Rxe8+ Qxe8 33. Qxa7 h5 34.
Qxc5 Qe1+ 35. Bf1 Ne4 36. Qe3 Qb1 37. a6 1-0

[Event "2007. Central Serbia champions"]
[Site "Vrnjacka Banja"]
[Date "2007.12.11"]
[Round "2.10"]
[White "Arsovic, Goran"]
[Black "Benderac, Ana"]
[Result "0-1"]
[WhiteElo "2478"]
[BlackElo "2328"]
[PlyCount "120"]
[EventDate "2007.12.10"]

1. Nf3 d5 2. d4 c6 3. c4 e6 4. Qc2 f5 5. Bf4 Nf6 6. e3 Ne4 7. h3 Nd7 8. Be2
Bb4+ 9. Nfd2 Ndf6 10. O-O O-O 11. Nf3 Bd6 12. Ne5 g5 13. Bh2 g4 14. Bf4 Nh5 15.
g3 Nxf4 16. exf4 Bxe5 17. dxe5 gxh3 18. Nc3 Kh8 19. Kh2 Rg8 20. Kxh3 Qf8 21.
Kg2 Bd7 22. Rh1 Qc5 23. Nxe4 fxe4 24. Rh4 Rg7 25. Rah1 b5 26. b3 bxc4 27. bxc4
Qa3 28. Rb1 Rag8 29. Rb3 Qe7 30. Rh2 c5 31. Rb7 Qf8 32. Rh4 Bc6 33. Rxg7 Rxg7
34. cxd5 exd5 35. e6 d4 36. Bg4 d3 37. Qc4 e3+ 38. Kg1 e2 39. Bxe2 dxe2 40.
Qxe2 Qf6 41. Kh2 Qa1 42. f3 Rb7 43. Qd3 Qxa2+ 44. Kh3 Qxe6+ 45. Rg4 Qh6+ 46.
Rh4 Bd7+ 47. g4 Qg7 48. Rh5 Be8 49. Rxc5 Qh6+ 50. Kg3 Rb2 51. Qd4+ Qg7 52. Re5
Re2 53. Qd6 Rxe5 54. fxe5 Kg8 55. f4 h5 56. Qe6+ Qf7 57. Qc8 Qd7 58. Qxd7 Bxd7
59. f5 a5 60. e6 Bxe6 0-1

[Event "2007. Central Serbia champions"]
[Site "Vrnjacka Banja"]
[Date "2007.12.11"]
[Round "2.12"]
[White "Djosic, Slavoljub"]
[Black "Pantic, Ivica"]
[Result "1-0"]
[WhiteElo "2280"]
[BlackElo "2192"]
[PlyCount "73"]
[EventDate "2007.12.10"]

1. Nf3 c5 2. e4 Nc6 3. d3 e5 4. g3 Nf6 5. Bg2 Be7 6. O-O O-O 7. Nbd2 b5 8. a4
bxa4 9. Rxa4 d6 10. Nc4 Bd7 11. Ra1 a5 12. c3 Qb8 13. Nh4 g6 14. f4 exf4 15.
Bxf4 Ng4 16. Nf3 Ra6 17. Qd2 a4 18. h3 Nge5 19. Nfxe5 dxe5 20. Bh6 Rd8 21. Ne3
Be6 22. Nd5 Bxd5 23. exd5 Na5 24. Qe2 Nb3 25. Rae1 c4 26. d4 e4 27. Qxc4 Ra7
28. Rxe4 Bd6 29. g4 Rc8 30. Qe2 Na5 31. Re1 Ra8 32. Qf3 Nc4 33. Qf6 Bf8 34. Re7
Nd6 35. Bf4 Ra6 36. Be5 h5 37. Qh8# 1-0

[Event "2007. Central Serbia champions"]
[Site "Vrnjacka Banja"]
[Date "2007.12.11"]
[Round "2.14"]
[White "Milicevic, Miodrag"]
[Black "Jokic, Miodrag"]
[Result "1-0"]
[WhiteElo "2243"]
[BlackElo "2174"]
[PlyCount "55"]
[EventDate "2007.12.10"]

1. d4 d5 2. Nf3 Nf6 3. c4 e6 4. Nc3 c5 5. cxd5 Nxd5 6. e4 Nxc3 7. bxc3 cxd4 8.
cxd4 Bb4+ 9. Bd2 Bxd2+ 10. Qxd2 O-O 11. Bc4 Nc6 12. O-O b6 13. Rac1 Bb7 14. d5
exd5 15. Bxd5 Rc8 16. Rfd1 Qe7 17. Qf4 Na5 18. h3 Rxc1 19. Rxc1 Bxd5 20. exd5
Rd8 21. Rc7 Qf6 22. Qd2 Qd6 23. Rxa7 f6 24. Qd4 Rc8 25. g3 Kf8 26. Qg4 Rc1+ 27.
Kg2 g6 28. Rxh7 1-0

[Event "2007. Central Serbia champions"]
[Site "Vrnjacka Banja"]
[Date "2007.12.11"]
[Round "2.15"]
[White "Radenkovic, Dragan"]
[Black "Pantelic, Sasa"]
[Result "0-1"]
[WhiteElo "2188"]
[BlackElo "2237"]
[PlyCount "72"]
[EventDate "2007.12.10"]

1. e4 c5 2. c3 d5 3. Bb5+ Nc6 4. Qa4 e6 5. exd5 Qxd5 6. Nf3 Bd7 7. Na3 a6 8. d3
Rd8 9. Bc4 Qf5 10. Qd1 Na5 11. g4 Qxg4 12. Rg1 Qh5 13. Rg5 Qh3 14. Rg3 Qf5 15.
Rg5 Qf6 16. Ne5 h6 17. Ng4 Qe7 18. Re5 Nf6 19. Be3 Rc8 20. Qf3 Nxg4 21. Qxg4
Qf6 22. Re4 Bd6 23. Bf4 Bxf4 24. Rxf4 Qg5 25. O-O-O b5 26. Bb3 Nxb3+ 27. axb3
e5 28. Qxg5 hxg5 29. Re4 f6 30. Nc2 Rxh2 31. Rd2 Bf5 32. Re3 Kf7 33. b4 Rh1+
34. Rd1 Rxd1+ 35. Kxd1 c4 36. d4 Rd8 0-1

[Event "2007. Central Serbia champions"]
[Site "Vrnjacka Banja"]
[Date "2007.12.11"]
[Round "2.17"]
[White "Tasic, Zoran"]
[Black "Zivkovic, Ivan B"]
[Result "0-1"]
[WhiteElo "2178"]
[BlackElo "2222"]
[PlyCount "114"]
[EventDate "2007.12.10"]

1. d4 d5 2. Bf4 Nf6 3. e3 c5 4. Nc3 a6 5. a3 cxd4 6. exd4 Nc6 7. h3 Bf5 8. Nf3
e6 9. b4 Rc8 10. Na4 Bxc2 11. Qxc2 Nxb4 12. Qxc8 Qxc8 13. axb4 Bxb4+ 14. Bd2
Bxd2+ 15. Nxd2 Qc2 16. Nc5 O-O 17. Ncb3 Ne4 18. Rc1 Qb2 19. Rb1 Qc3 20. Rc1 Qb4
21. Bd3 Nxd2 22. Nxd2 Qxd4 23. Ke2 Qe5+ 24. Kf3 Qg5 25. Rhd1 e5 26. Bf1 e4+ 27.
Ke2 Qe5 28. g3 d4 29. Bg2 b5 30. Nb3 d3+ 31. Kf1 Qb2 32. Rb1 Qe2+ 33. Kg1 f5
34. Nd4 Qa2 35. Nc6 Qe6 36. Rbc1 Qd6 37. Na5 b4 38. Nc4 Qd4 39. Ne3 a5 40. Rc4
Qb6 41. Nd5 Qb5 42. Ne7+ Kf7 43. Rc7 Qe5 44. Nd5+ Kg8 45. Ne7+ Kh8 46. Rd7 b3
47. g4 g6 48. g5 b2 49. Nd5 Qe6 50. Nf6 Rxf6 51. Rd8+ Kg7 52. gxf6+ Kxf6 53.
Rb8 Qa2 54. Kf1 a4 55. Ke1 a3 56. Bf1 Qa1 57. f3 a2 0-1

[Event "2007. Central Serbia champions"]
[Site "Vrnjacka Banja"]
[Date "2007.12.11"]
[Round "2.19"]
[White "Colovic, Zoran"]
[Black "Jovanovic, Miroslav V"]
[Result "1/2-1/2"]
[WhiteElo "2234"]
[BlackElo "2052"]
[PlyCount "130"]
[EventDate "2007.12.10"]

1. e4 Nc6 2. d4 e5 3. Nf3 exd4 4. Bc4 d6 5. Nxd4 Nxd4 6. Qxd4 Qf6 7. Qe3 Be6 8.
Be2 Ne7 9. f4 Nc6 10. c3 g6 11. O-O Qe7 12. Nd2 f5 13. Bf3 O-O-O 14. b4 d5 15.
b5 Qc5 16. Nb3 Qxb5 17. e5 Qa4 18. Bb2 b6 19. Kh1 Na5 20. Nd4 Bc5 21. Qc1 Bxd4
22. cxd4 Nc4 23. Bc3 a5 24. Rf2 Kd7 25. Qe1 Qa3 26. Bd1 Ke7 27. Rf3 Kf7 28. Bb3
Qe7 29. Qe2 Qd7 30. Be1 c5 31. Bh4 Rc8 32. Bf6 Rhf8 33. Rh3 Kg8 34. Qf2 Nd6 35.
Bc2 cxd4 36. Bd3 Ne4 37. Qxd4 Qc7 38. Rf3 Nxf6 39. exf6 Qc3 40. Qg1 Qc5 41. Rb1
Qxg1+ 42. Kxg1 Rc6 43. Bb5 Rd6 44. Rc1 Rxf6 45. Re3 d4 46. Re2 Kg7 47. Rd2 Rf8
48. Rc7+ Rf7 49. Rc1 Bd7 50. Bc4 Re7 51. Rcd1 Ba4 52. Rxd4 Rxd4 53. Rxd4 Re4
54. Rxe4 fxe4 55. Kf2 b5 56. Bd5 Bc2 57. Ke3 b4 58. Bxe4 b3 59. axb3 Bxb3 60.
Kd4 Kf6 61. g4 h6 62. h4 g5 63. fxg5+ hxg5 64. h5 Be6 65. Bf3 a4 1/2-1/2

[Event "2007. Central Serbia champions"]
[Site "Vrnjacka Banja"]
[Date "2007.12.11"]
[Round "2.22"]
[White "Karaklajic, Milutin"]
[Black "Boskovic, Zlatomir"]
[Result "0-1"]
[WhiteElo "2099"]
[BlackElo "2207"]
[PlyCount "81"]
[EventDate "2007.12.10"]

1. e4 e5 2. Nf3 Nc6 3. Bc4 Nf6 4. Ng5 d5 5. exd5 b5 6. Bxb5 Qxd5 7. Nc3 Qxg2 8.
Qf3 Qxf3 9. Nxf3 Bd7 10. Rg1 e4 11. Ng5 Nd4 12. Bxd7+ Nxd7 13. Kd1 f5 14. Ne2
Nxe2 15. Kxe2 Bd6 16. Ne6 g6 17. b3 Ke7 18. Ng5 Bxh2 19. Rh1 Be5 20. Ba3+ Kf6
21. Nxh7+ Kg7 22. Ng5 Bxa1 23. Rxa1 Kf6 24. f4 Rh2+ 25. Ke3 Nb6 26. Bb2+ Ke7
27. Ba3+ Kd7 28. c4 Rah8 29. d3 exd3 30. Kxd3 Rh1 31. Bc1 Rd1+ 32. Kc2 Rhh1 33.
Nf3 Kc8 34. Ne5 Rdg1 35. a4 Rg2+ 36. Kc3 Nd7 37. Nd3 Rg3 38. Kc2 Rh2+ 39. Kc3
Nc5 40. Kd4 Rd2 41. Kxc5 0-1

[Event "2007. Central Serbia champions"]
[Site "Vrnjacka Banja"]
[Date "2007.12.11"]
[Round "2.23"]
[White "Grujicic, Zoran"]
[Black "Spiric, Igor"]
[Result "0-1"]
[WhiteElo "2044"]
[BlackElo "2278"]
[PlyCount "148"]
[EventDate "2007.12.10"]

1. Nf3 e6 2. d4 Nf6 3. g3 c5 4. Bg2 cxd4 5. Nxd4 Nc6 6. O-O Qb6 7. Nb3 a5 8.
Nc3 a4 9. Nd2 d5 10. e3 Bb4 11. Ne2 O-O 12. c3 Bc5 13. h3 e5 14. Nf3 Bf5 15.
Nh4 Be6 16. Nf3 h6 17. g4 Ne4 18. Nd2 Nf6 19. Ng3 e4 20. Rb1 Ne5 21. Qe2 Nfxg4
22. hxg4 Bxg4 23. f3 Bxe3+ 24. Kh1 exf3 25. Nxf3 Nc4 26. Bxe3 Nxe3 27. Qf2 Rae8
28. Rfe1 Qg6 29. Rbc1 Qd3 30. Qd2 Qxd2 31. Nxd2 f5 32. Ngf1 Nxg2 33. Kxg2 f4
34. Nh2 Bf5 35. Nhf3 g5 36. Kf2 b5 37. Nd4 Bd7 38. N2f3 Re4 39. Ne5 Be8 40. Ng4
Bd7 41. Ne5 Bf5 42. Nxf5 Rxf5 43. Ng4 Kg7 44. Rh1 f3 45. Kg3 Rff4 46. Nf2 Re2
47. Rce1 Rxb2 48. Re7+ Kg6 49. Re6+ Rf6 50. Rxf6+ Kxf6 51. Rxh6+ Ke7 52. Rb6
Kd7 53. Nd3 Kc7 54. Rg6 Rxa2 55. Nb4 Rd2 56. Kxf3 d4 57. Nd5+ Kd7 58. Nf6+ Kc7
59. Nd5+ Kd7 60. Nf6+ Ke7 61. Nd5+ Kf7 62. Rc6 dxc3 63. Nxc3 Rc2 64. Rc7+ Kg6
65. Kg4 b4 66. Rc6+ Kf7 67. Ra6 Rxc3 68. Rxa4 b3 69. Kxg5 Ke6 70. Kf4 Kd5 71.
Ra5+ Kd4 72. Rb5 Kd3 73. Ke5 Kc2 74. Kd4 b2 0-1

[Event "2007. Central Serbia champions"]
[Site "Vrnjacka Banja"]
[Date "2007.12.11"]
[Round "2.24"]
[White "Nikolic, Stanimir"]
[Black "Lecic, Predrag"]
[Result "1-0"]
[WhiteElo "2297"]
[BlackElo "2089"]
[PlyCount "67"]
[EventDate "2007.12.10"]

1. d4 d5 2. Nf3 Nf6 3. c4 dxc4 4. Nc3 c5 5. d5 e6 6. e4 exd5 7. exd5 Bd6 8.
Bxc4 a6 9. a4 O-O 10. O-O Bf5 11. Bg5 h6 12. Bh4 Nbd7 13. Bg3 Qc7 14. Bxd6 Qxd6
15. h3 Rfe8 16. b3 Ne4 17. Rc1 Re7 18. Re1 Nxc3 19. Rxc3 Rae8 20. Rxe7 Rxe7 21.
Nh4 Bh7 22. Bd3 Re5 23. Bc4 b5 24. axb5 axb5 25. f4 Re4 26. Bxb5 Rd4 27. Qg4
Nf8 28. Bc4 Rxf4 29. Qg3 Be4 30. Nf3 Qf6 31. Nd2 Bh7 32. Re3 Qd4 33. Kh2 g5 34.
Re2 1-0

[Event "2007. Central Serbia champions"]
[Site "Vrnjacka Banja"]
[Date "2007.12.11"]
[Round "2.25"]
[White "Dorontic, Zoran"]
[Black "Filipovic, Tomislav"]
[Result "1/2-1/2"]
[WhiteElo "2167"]
[BlackElo "2010"]
[PlyCount "141"]
[EventDate "2007.12.10"]

1. e4 c5 2. Nf3 Nc6 3. b3 e6 4. Bb2 Nf6 5. e5 Nd5 6. g3 d6 7. Bb5 a6 8. Bxc6+
bxc6 9. exd6 Qxd6 10. O-O Bb7 11. d3 f6 12. Nbd2 Kf7 13. Re1 Re8 14. Ba3 Nc3
15. Qc1 Qd5 16. Qb2 Nb5 17. c4 Qxd3 18. cxb5 cxb5 19. Re3 Qd5 20. Qc2 Rd8 21.
Rae1 Rc8 22. Ne4 b4 23. Bb2 Rd8 24. Ned2 e5 25. Bxe5 Qd7 26. Nc4 Qh3 27. Rd1
Bxf3 28. Rxf3 Be7 29. Bd6 Qh5 30. Qf5 Qxf5 31. Rxf5 Ke6 32. Rfd5 Rd7 33. R5d2
Kf7 34. Bxe7 Rxe7 35. Rd7 Ra8 36. R1d6 a5 37. Nb6 Rae8 38. Rxe7+ Rxe7 39. Rd2
g5 40. Rc2 Rc7 41. Na4 c4 42. bxc4 Ke6 43. Kf1 Ke5 44. Ke2 g4 45. c5 Kd5 46.
Ke3 Ke5 47. Kd3 Kd5 48. Re2 f5 49. Re8 Rf7 50. Rd8+ Kc6 51. Kc4 f4 52. Rd6+ Kc7
53. Ra6 Kb7 54. Rb6+ Kc7 55. c6 Rf5 56. Rb7+ Kxc6 57. Rxh7 fxg3 58. fxg3 Rf2
59. Rh6+ Kc7 60. Nc5 Rxa2 61. Na6+ Kd7 62. Nxb4 axb4 63. Kxb4 Rf2 64. Kc5 Rd2
65. Kc4 Ke7 66. Kc3 Rf2 67. Kd3 Rf7 68. Ke3 Rf3+ 69. Ke2 Ra3 70. Kf2 Rf3+ 71.
Kg2 1/2-1/2

[Event "2007. Central Serbia champions"]
[Site "Vrnjacka Banja"]
[Date "2007.12.11"]
[Round "2.26"]
[White "Simic, Vladica"]
[Black "Ilic, Slobodan S"]
[Result "1/2-1/2"]
[WhiteElo "2082"]
[BlackElo "2166"]
[PlyCount "84"]
[EventDate "2007.12.10"]

1. e4 c5 2. Nc3 Nc6 3. g3 g6 4. Bg2 Bg7 5. d3 d6 6. Nge2 Nf6 7. O-O O-O 8. h3
Rb8 9. f4 Bd7 10. g4 Ne8 11. Ng3 b5 12. g5 b4 13. Nd5 a5 14. f5 e6 15. f6 exd5
16. fxg7 Nxg7 17. exd5 Nd4 18. Ne4 Bf5 19. Nf6+ Kh8 20. Bf4 Ne8 21. Ne4 Bxe4
22. dxe4 Rb7 23. Qd3 Qb6 24. c3 Qb5 25. Qxb5 Nxb5 26. cxb4 axb4 27. a4 bxa3 28.
bxa3 Nd4 29. Rf2 f6 30. gxf6 Rxf6 31. Bh6 Rxf2 32. Kxf2 Kg8 33. Kg1 c4 34. Rd1
Nb3 35. Bd2 Re7 36. Bb4 g5 37. Kf2 Kf7 38. Ke3 Kg6 39. Bf1 Nf6 40. Bg2 Ne8 41.
Bf1 Nf6 42. Bg2 Ne8 1/2-1/2

[Event "2007. Central Serbia champions"]
[Site "Vrnjacka Banja"]
[Date "2007.12.11"]
[Round "2.27"]
[White "Gagic, Miroljub"]
[Black "Antic, Dragan"]
[Result "1/2-1/2"]
[WhiteElo "1930"]
[BlackElo "2158"]
[PlyCount "100"]
[EventDate "2007.12.10"]

1. e4 c5 2. Nf3 Nc6 3. d4 cxd4 4. Nxd4 g6 5. Nxc6 bxc6 6. Qd4 Nf6 7. e5 Nd5 8.
e6 f6 9. exd7+ Bxd7 10. Bc4 Bf5 11. c3 e5 12. Qd1 Bg7 13. Qa4 Qd7 14. Be3 O-O
15. O-O Kh8 16. Rd1 Rfd8 17. Bb3 Qb7 18. Bc5 Nf4 19. Na3 Nd3 20. Be3 Nxb2 21.
Rxd8+ Rxd8 22. Qxa7 Qxa7 23. Bxa7 Ra8 24. Bc5 Nd3 25. Bd6 Rd8 26. Nc4 Be6 27.
Bc7 Rd7 28. Bb6 Rb7 29. Be3 Bg8 30. Kf1 f5 31. Ke2 e4 32. Bd2 Nc5 33. Na5 Nxb3
34. axb3 Rb5 35. Nxc6 Rxb3 36. Ra8 Bf6 37. f3 exf3+ 38. gxf3 Kg7 39. Ra7+ Bf7
40. Nd4 Rb6 41. Bh6+ Kxh6 42. Rxf7 Bxd4 43. cxd4 Rb2+ 44. Ke3 Rxh2 45. d5 Rh1
46. d6 Rd1 47. d7 Rd5 48. f4 g5 49. fxg5+ Kxg5 50. Rxh7 f4+ 1/2-1/2

[Event "2007. Central Serbia champions"]
[Site "Vrnjacka Banja"]
[Date "2007.12.11"]
[Round "2.29"]
[White "Pantovic, Dragan M"]
[Black "Boskovic, Maksimilijan"]
[Result "1/2-1/2"]
[WhiteElo "2137"]
[BlackElo "1850"]
[PlyCount "90"]
[EventDate "2007.12.10"]

1. d4 d5 2. Nf3 f5 3. c4 e6 4. Nc3 c6 5. Bf4 Nf6 6. e3 Be7 7. h3 O-O 8. Ne5
Nbd7 9. Qc2 Nxe5 10. Bxe5 Ne4 11. Bd3 Bd6 12. Bxd6 Qxd6 13. O-O Bd7 14. Ne2 Be8
15. f3 Ng3 16. Nxg3 Qxg3 17. cxd5 cxd5 18. Rac1 Bc6 19. Qf2 Qxf2+ 20. Kxf2 Rac8
21. Rc3 Bd7 22. Rfc1 Rxc3 23. Rxc3 Rc8 24. Rxc8+ Bxc8 25. Ke2 Kf7 26. Kd2 Ke7
27. Kc3 b6 28. Kb4 Kd6 29. f4 h5 30. g3 g6 31. Bb5 Ke7 32. Ka3 Bd7 33. Ba6 Kd8
34. Kb4 Bc8 35. Bxc8 Kxc8 36. a4 Kc7 37. a5 Kc6 38. axb6 Kxb6 39. Ka4 Ka6 40.
b4 Kb6 41. b5 a6 42. bxa6 Kxa6 43. Kb4 Kb6 44. h4 Kc6 45. Ka5 Kc7 1/2-1/2